NAME THAT SHAHRUKH KHAN BOLLYWOOD MOVIE - Statistics

General Stats
  • This quiz has been taken 2,877 times
  • The average score is 6 of 12
Answer Stats
Hint Answer % Correct
deepika padukone, arjun rampal, kiron kher om shanti om
78%
katrina kaif, anushka sharma jab tak hai jaan
70%
kajol, shilpa shetty, johnny lever baazigar
59%
juhi chawla, sunny deol darr
56%
manisha koirala, priety zinta dil se
56%
amitabh bachchan, aishwarya rai, uday chopra mohabbatein
56%
juhi chawla, sonali bendre, gulshan grover duplicate
50%
priety zinta, rani mukerji, abhishek bachchan, amitabh bachchan kabhi alvida naa kehna
47%
kareena kapoor, arjun rampal, satish shah ra one
44%
aditya pancholi, juhi chawla, kashmera shah yes boss
42%
aishwarya rai, chandrachur singh, priya gill josh
38%
rani mukerji, jas arora chalte chalte
32%
No matching quizzes found
Score Distribution
Percent of People with Each Score
Percentile by Number Answered
Your Score History
You have not taken this quiz